LEADER 01507nam a2200289 u 4500 001 000000118385 003 CaOOAMICUS 005 20091126145911.0 008 091126t2010 enk u000 u eng r 020 $a978-0-415-45982-2 040 $aPUL$bita$dReb 041 1 $aeng$hspa 100 1 $aTortella, Gabriel.$0(OLS)http://pul/name/73926 240 10$aOrigenes del siglo XXI. Un ensayo de historia social y economica contemporanea$lInglese.$0(OLS)http://pul/title/148982 245 14$aThe origins of the Twenty-first Century :$ban essay on contemporary and economic history /$cGabriel Tortella ; translated by M. Carmen Fayos de Riddel ; edited by Michele Schiavone. 260 $aLondon ;$aNew York :$bRoutledge,$c©2010. 300 $axvi, 367 p. ;$c23 cm. 504 $aBibliografia: p. [338]-348. 650 4$aStoria economica e sociale$ySec. XXI.$0(OLS)http://pul/subject/35928 700 1 $aFayos Riddel, Maria del Carmen,$d1945-$0(OLS)http://pul/name/73927 700 1 $aSchiavone, Michele.$0(OLS)http://pul/name/5613 850 $aPUL 852 $aPUL$W1$xSL Diritto e Scienze Sociali 3$y79$m330. 9 TORGA 1$j135816$qDDC 21$B134809$CPULBib$Z2$F134809 $H111629 $82 941 1 $a9 996 $6020$a978-0-415-45982-2$9(OLS)http://pul/number/142546 996 $6245$aThe origins of the Twenty-first Century :$ban essay on contemporary and economic history$9(OLS)http://pul/title/148980 996 $6260$aLondon ;$aNew York :$bRoutledge$9(OLS)http://pul/publisher/52469 LEADER 01468nam a2200313 a 4500 001 000000147700 003 CaOOAMICUS 005 20151126113527.0 008 151126s2013 it u000 u ita r 020 $a88-14-18152-7* 032 $aLibriCat 040 $aPUL$bita 082 04$a346.4501 100 1 $aRenda, Andrea.$0(OLS)http://pul/name/67954 245 13$aIl matrimonio civile :$buna teoria neo-istituzionale /$cAndrea Renda. 260 $aMilano :$bGiuffrè,$c©2013. 300 $aVII, 705 p. ;$c24 cm. 490 1 $aUniversità cattolica del Sacro Cuore, Facoltà di giurisprudenza, Sede di Piacenza, Dipartimento di scienze giuridiche ;$v10 504 $aBibliografia in nota. 650 4$aMatrimonio (diritto civile)$zItalia.$0(OLS)http://pul/subject/12562 830 0$aUniversità cattolica del Sacro Cuore, Facoltà di giurisprudenza, Sede di Piacenza, Dipartimento di scienze giuridiche ;$v10.$0(OLS)http://pul/title/175312 850 $aPUL 852 $aPUL$W1$xSL Diritto e Scienze Sociali 3$y79$m346. 4501 RENAN 1$j170595$qDDC 21$B171501$CPULBib$Z2$F171501 $H126556 $81 941 1 $a9 996 $6020$a88-14-18152-7*$9(OLS)http://pul/number/159041 996 $6082$a346.4501$9(OLS)http://pul/classification/451 996 $6245$aIl matrimonio civile :$buna teoria neo-istituzionale$9(OLS)http://pul/title/186384 996 $6260$aMilano :$bGiuffrè$9(OLS)http://pul/publisher/48401